[Event "BIH-ch-T"]
[Site "Sarajevo"]
[Date "2013.06.17"]
[Round "3.4"]
[White "Stojanovic, Dalibor"]
[Black "Borojevic, Dragoljub"]
[Result "1-0"]
[WhiteElo "2514"]
[BlackElo "2270"]
[PlyCount "61"]
[EventDate "2013.06.15"]

1. e4 e6 2. d4 d5 3. Nd2 dxe4 4. Nxe4 Bd7 5. Nf3 Bc6 6. Bd3 Nd7 7. O-O Ngf6 8.
Ned2 Be7 9. Nc4 O-O 10. Na5 Nb8 11. Nxc6 Nxc6 12. c3 Re8 13. Qc2 h6 14. Re1 Bd6
15. Bb5 a6 16. Bxc6 bxc6 17. Rd1 Qb8 18. Be3 a5 19. c4 e5 20. c5 exd4 21. Bxd4
Be7 22. Ne5 Qb7 23. Qf5 Rad8 24. Bc3 Qb5 25. Qf3 Rd5 26. Re1 Qxc5 27. Ng4 Nxg4
28. Qxg4 g6 29. Qf4 Rg5 30. Qxc7 Rf5 31. Re2 1-0

[Event "BIH-ch-T"]
[Site "Sarajevo"]
[Date "2013.06.17"]
[Round "3.5"]
[White "Indjic, Aleksandar"]
[Black "Miladinovic, Igor"]
[Result "1/2-1/2"]
[WhiteElo "2536"]
[BlackElo "2556"]
[PlyCount "52"]
[EventDate "2013.06.15"]

1. d4 d5 2. c4 e6 3. Nf3 Nf6 4. Nc3 a6 5. Bg5 Be7 6. e3 dxc4 7. Bxc4 b5 8. Bd3
Bb7 9. Qe2 Nbd7 10. e4 h6 11. Bxf6 Bxf6 12. e5 Be7 13. a4 O-O 14. O-O c5 15.
axb5 Bxf3 16. Qxf3 cxd4 17. Qe4 g6 18. Qxd4 Nc5 19. Qxd8 Rfxd8 20. Bc4 axb5 21.
Rxa8 Rxa8 22. Bxb5 Rb8 23. Re1 Bg5 24. Re2 Nb3 25. g3 Nd4 26. Re4 Bc1 1/2-1/2

[Event "BIH-ch-T"]
[Site "Sarajevo"]
[Date "2013.06.17"]
[Round "3.5"]
[White "Burovic, Ismet"]
[Black "Pikula, Dejan"]
[Result "1/2-1/2"]
[WhiteElo "2351"]
[BlackElo "2482"]
[PlyCount "160"]
[EventDate "2013.06.15"]

1. e4 c5 2. d3 Nc6 3. f4 g6 4. Nf3 Bg7 5. g3 d6 6. Bg2 e6 7. O-O Nge7 8. c3 O-O
9. Be3 b6 10. g4 f5 11. exf5 gxf5 12. g5 e5 13. Na3 Bb7 14. g6 Nxg6 15. Ng5 Qf6
16. Qh5 h6 17. Bd5+ Kh8 18. Ne6 Rf7 19. Nc4 exf4 20. Bxf4 Nxf4 21. Nxf4 Ne5 22.
Nxe5 dxe5 23. Qxf7 Qxf7 24. Bxf7 exf4 25. Rxf4 Rd8 26. Re1 Rxd3 27. Bg6 Bf6 28.
Bxf5 Rd2 29. Re8+ Kg7 30. Rg4+ Bg5 31. Re7+ Kf6 32. Rxb7 Kxf5 33. Rg3 Rxb2 34.
Rxa7 Ke4 35. Ra4+ Kd5 36. h4 Bd2 37. Rd3+ Kc6 38. c4 Be1 39. h5 Rc2 40. Rf3 Bc3
41. Rg3 Bd2 42. Rg6+ Kb7 43. Kf1 Bb4 44. a3 Bd2 45. Ke2 Bc1+ 46. Kf3 Rc3+ 47.
Ke2 Rc2+ 48. Kd1 Rc3 49. Rg7+ Kc6 50. Ra6 Rxc4 51. Rg6+ Kd5 52. Rgxb6 Bf4 53.
Rb1 Bg5 54. Ke2 Rc2+ 55. Kd3 Rh2 56. Rd1 Rh3+ 57. Kc2+ Kc4 58. Ra4+ Kb5 59. Ra8
Kc4 60. Ra4+ Kb5 61. Ra7 Kc4 62. Rg1 Rh2+ 63. Kd1 Be3 64. Rg3 Bd4 65. Ra4+ Kb5
66. Ra8 Kc4 67. Ra4+ Kb5 68. Ra8 Kc4 69. a4 Rxh5 70. a5 Rh1+ 71. Ke2 Ra1 72.
Rg6 h5 73. Rh6 Ra2+ 74. Kf3 Kd3 75. Rxh5 c4 76. Rd8 c3 77. Rhd5 Ra4 78. Rxd4+
Rxd4 79. Rxd4+ Kxd4 80. Ke2 Kc5 1/2-1/2

[Event "BIH-ch-T"]
[Site "Sarajevo"]
[Date "2013.06.17"]
[Round "3.5"]
[White "Marjanovic, Dejan"]
[Black "Mrndjic, Muamer"]
[Result "0-1"]
[WhiteElo "2211"]
[BlackElo "2279"]
[PlyCount "146"]
[EventDate "2013.06.15"]

1. e4 c5 2. Nf3 g6 3. Bc4 Bg7 4. c3 Nc6 5. d4 cxd4 6. cxd4 d6 7. Nc3 Nf6 8. h3
O-O 9. Bb3 Na5 10. Bc2 b6 11. Bd3 Bb7 12. O-O Nd7 13. Qe2 Nc6 14. Be3 Nb4 15.
Bb5 a6 16. a3 Nc6 17. Bd3 b5 18. h4 Nf6 19. d5 Ne5 20. Nxe5 dxe5 21. Rac1 Qd7
22. Bc5 Ne8 23. a4 bxa4 24. Bc2 Nd6 25. Nxa4 Rab8 26. Nb6 Qd8 27. Ba4 Bc8 28.
Nxc8 Rxc8 29. Bc6 a5 30. h5 Rb8 31. Rc3 f5 32. hxg6 Nxe4 33. gxh7+ Kh8 34. Rc4
Rf6 35. Ba7 Rb4 36. Rxb4 axb4 37. Qb5 Kxh7 38. Qxb4 Rg6 39. Rd1 Rxc6 40. Qb3
Rh6 41. Qf3 Nd6 42. Bc5 Qf8 43. b4 Qf6 44. g3 Ne4 45. Bxe7 Ng5 46. Bxf6 Nxf3+
47. Kg2 Bxf6 48. Kxf3 Be7 49. b5 Rb6 50. Rc1 Bg5 51. Rc7+ Kh8 52. g4 e4+ 53.
Kg2 f4 54. Rc4 Rxb5 55. Rxe4 Rxd5 56. Re6 Kg7 57. Kf3 Kf7 58. Ra6 Rd4 59. Rc6
Bf6 60. Ra6 Be5 61. g5 Bd6 62. Kg4 Kg6 63. Rb6 Rd5 64. Kh4 Kf5 65. Kh5 Rd1 66.
Kh6 Rh1+ 67. Kg7 Be5+ 68. Kf7 Kxg5 69. Rb3 Bd4 70. f3 Be3 71. Ke6 Kh4 72. Kf5
Kg3 73. Ke4 Rh8 0-1

[Event "BIH-ch-T"]
[Site "Sarajevo"]
[Date "2013.06.17"]
[Round "3.5"]
[White "Bandic, Adnan"]
[Black "Arapovic, Vitomir"]
[Result "1/2-1/2"]
[WhiteElo "2243"]
[BlackElo "2356"]
[PlyCount "76"]
[EventDate "2013.06.15"]

1. e4 e6 2. d4 d5 3. exd5 exd5 4. Bd3 Nc6 5. c3 Bd6 6. Ne2 Nge7 7. Bf4 Bg4 8.
Bg3 Qd7 9. Qc2 Bf5 10. Bxd6 Bxd3 11. Qxd3 Qxd6 12. Nd2 Qg6 13. Nf4 Qh6 14. Qf3
O-O-O 15. O-O-O g5 16. Nd3 f5 17. h4 g4 18. Qf4 Qxf4 19. Nxf4 Ng6 20. Nd3 h5
21. f4 Rde8 22. g3 Re3 23. Nf1 Rf3 24. Rd2 Re8 25. Kd1 Na5 26. Ne1 Rxf1 27.
Rxf1 Nc4 28. Re2 Ne3+ 29. Kc1 Nxf1 30. Rxe8+ Kd7 31. Rg8 Ne7 32. Rh8 Nxg3 33.
Nd3 Ng6 34. Rh7+ Kd8 35. Kd2 Nxh4 36. Ke3 Ne4 37. Ne1 Nf6 38. Rf7 Ne4 1/2-1/2

[Event "BIH-ch-T"]
[Site "Sarajevo"]
[Date "2013.06.17"]
[Round "3.5"]
[White "Jovovic, Milan"]
[Black "Hadzovic, Amir"]
[Result "1-0"]
[WhiteElo "1879"]
[BlackElo "2212"]
[PlyCount "155"]
[EventDate "2013.06.15"]

1. d4 Nf6 2. c4 d6 3. Nc3 c6 4. e3 Qc7 5. Nf3 e5 6. b3 Nbd7 7. Bb2 Be7 8. Bd3
O-O 9. Qc2 Re8 10. O-O Nf8 11. Rae1 Ng6 12. Ne4 Nxe4 13. Bxe4 Bf6 14. h4 Bd7
15. h5 Nf8 16. Bf5 g6 17. hxg6 hxg6 18. Bd3 Kg7 19. Nd2 Kg8 20. Ne4 Be7 21. c5
d5 22. Nd6 e4 23. Nxe8 Rxe8 24. Be2 Bf5 25. b4 Ne6 26. g4 Ng5 27. gxf5 Kg7 28.
Kg2 gxf5 29. f4 exf3+ 30. Bxf3 Rg8 31. Qxf5 Kf8 32. Bg4 Bd8 33. Rf4 Ne6 34. Rf3
Qe7 35. Ref1 Ng5 36. Rg3 Bc7 37. Rgf3 Nxf3 38. Rxf3 Rg5 39. Qc8+ Kg7 40. Kf2
Rg6 41. Rh3 Bd8 42. Rh5 Rf6+ 43. Bf5 Rh6 44. Rxh6 Kxh6 45. Ke2 Qh4 46. Bc1 Qh5+
47. Bg4 Qh2+ 48. Kd3 Bf6 49. Qf5 Kg7 50. Be2 Qh1 51. Qg4+ Kf8 52. Bd1 Qf1+ 53.
Qe2 Qf5+ 54. Kc3 a5 55. bxa5 Bd8 56. a6 Ba5+ 57. Kb2 bxa6 58. Qxa6 Qf2+ 59. Bc2
Qe1 60. Qd3 Qb4+ 61. Bb3 Qe1 62. Bc2 Qb4+ 63. Qb3 Qe1 64. a3 Kg7 65. Kb1 Bd2
66. Qb2 Bxe3 67. Ba4 Qg1 68. Bxc6 Bxd4 69. Qc2 Bxc5 70. Bxd5 Bxa3 71. Qc3+ Kg6
72. Qxa3 f6 73. Qe3 Qf1 74. Qe4+ f5 75. Qg2+ Qxg2 76. Bxg2 Kh5 77. Bf3+ Kh4 78.
Bf4 1-0

[Event "BIH-ch-T"]
[Site "Sarajevo"]
[Date "2013.06.18"]
[Round "4.1"]
[White "Trkulja, Goran"]
[Black "Pikula, Dejan"]
[Result "1/2-1/2"]
[WhiteElo "2390"]
[BlackElo "2482"]
[PlyCount "25"]
[EventDate "2013.06.15"]

1. d4 Nf6 2. c4 e6 3. Nf3 b6 4. g3 Bb7 5. Bg2 g6 6. O-O Bg7 7. Nc3 Ne4 8. Qc2
Nxc3 9. bxc3 h6 10. Re1 d6 11. e4 O-O 12. e5 Nd7 13. Ba3 1/2-1/2

[Event "BIH-ch-T"]
[Site "Sarajevo"]
[Date "2013.06.18"]
[Round "4.1"]
[White "Marjanovic, Dejan"]
[Black "Sutkovic, Damir"]
[Result "0-1"]
[WhiteElo "2211"]
[BlackElo "2331"]
[PlyCount "102"]
[EventDate "2013.06.15"]

1. e4 c5 2. Nf3 e6 3. g3 Nc6 4. Bg2 Nf6 5. Qe2 Be7 6. O-O d5 7. d3 O-O 8. Re1
b5 9. e5 Nd7 10. h4 h6 11. h5 a5 12. Bf4 Ba6 13. Nbd2 c4 14. d4 c3 15. bxc3 b4
16. Qd1 bxc3 17. Nf1 Ba3 18. g4 Bb2 19. Rb1 Bc4 20. g5 hxg5 21. Nxg5 Qb6 22.
Be3 Ne7 23. Ng3 f6 24. exf6 Rxf6 25. Nh3 Bxa2 26. Rc1 Bxc1 27. Qxc1 Nf5 28.
Nxf5 Rxf5 29. h6 gxh6 30. Qa3 Bc4 31. Qe7 Nf8 32. Bxh6 Qxd4 33. Re3 Ra7 34.
Rg3+ Kh8 35. Qe8 Raf7 36. Kh2 Qh4 37. Bg5 Qh5 38. Kg1 Qd1+ 39. Kh2 Qh5 40. Be3
e5 41. Bb6 Rg7 42. Qa8 Rxg3 43. fxg3 d4 44. Bc5 Kg8 45. Bd6 Bf1 46. g4 Qxg4 47.
Qd5+ Kh7 48. Be4 Qxh3+ 49. Kg1 Qg4+ 50. Kh2 Qh5+ 51. Kg1 Qg6+ 0-1

[Event "BIH-ch-T"]
[Site "Sarajevo"]
[Date "2013.06.18"]
[Round "4.1"]
[White "Muratovic, Enver"]
[Black "Arapovic, Vitomir"]
[Result "1/2-1/2"]
[WhiteElo "2289"]
[BlackElo "2356"]
[PlyCount "100"]
[EventDate "2013.06.15"]

1. e4 g6 2. d4 Bg7 3. Nc3 d6 4. Be3 c6 5. a4 a5 6. Bc4 Nf6 7. f3 d5 8. exd5
Nxd5 9. Nxd5 cxd5 10. Bb5+ Nc6 11. Ne2 O-O 12. Qd2 Qb6 13. O-O Bf5 14. g4 Be6
15. c3 f6 16. Rf2 Bf7 17. h4 e6 18. Kh1 Rfd8 19. Rg1 Qc7 20. Bd3 e5 21. h5 Rac8
22. Rh2 e4 23. fxe4 dxe4 24. Bxe4 Qe7 25. Ng3 Ne5 26. hxg6 hxg6 27. Bh6 Nc4 28.
Qg2 Nd6 29. Bxg7 Nxe4 30. Nxe4 Kxg7 31. g5 fxg5 32. Nxg5 Rh8 33. Nxf7 Qxf7 34.
Rf1 Qe7 35. Qf3 Rcf8 36. Qg2 Rxf1+ 37. Qxf1 Qe4+ 38. Kg1 Qe3+ 39. Qf2 Qg5+ 40.
Kh1 Qc1+ 41. Qg1 Rxh2+ 42. Kxh2 Qxb2+ 43. Qg2 Qxc3 44. Qxb7+ Kf6 45. Qd7 Qd2+
46. Kg3 Qg5+ 47. Kh2 Qf4+ 48. Kg2 Qe4+ 49. Kg3 Qd3+ 50. Kg2 Kg5 1/2-1/2

[Event "BIH-ch-T"]
[Site "Sarajevo"]
[Date "2013.06.18"]
[Round "4.1"]
[White "Jovovic, Milan"]
[Black "Miskic, Sejfudin"]
[Result "1/2-1/2"]
[WhiteElo "1879"]
[BlackElo "2159"]
[PlyCount "120"]
[EventDate "2013.06.15"]

1. d4 Nf6 2. Nf3 g6 3. c4 Bg7 4. Nc3 d5 5. e3 O-O 6. Bd3 c5 7. dxc5 Qa5 8. Qa4
Qxc5 9. b4 Qc6 10. Nd4 Qxa4 11. Nxa4 Nc6 12. Nxc6 bxc6 13. Rb1 dxc4 14. Bc2 Nd5
15. e4 Nc3 16. Nxc3 Bxc3+ 17. Bd2 Bd4 18. Ba4 c5 19. bxc5 Be6 20. Be3 Bxe3 21.
fxe3 Rfd8 22. c6 Rd3 23. c7 Rc8 24. Rb8 Kg7 25. Rxc8 Bxc8 26. O-O c3 27. Rc1
Rxe3 28. Bc6 f5 29. exf5 gxf5 30. Kf2 f4 31. Ba4 Kf6 32. Rd1 Re4 33. Bb3 Ba6
34. Rc1 Re3 35. g3 Kg5 36. h4+ Kf5 37. Bc2+ Ke5 38. gxf4+ Kxf4 39. Re1 Rxe1 40.
Kxe1 h6 41. h5 Ke3 42. Bf5 Bc8 43. Bg6 Bg4 44. Bc2 e5 45. Bb1 e4 46. Bc2 Kd4
47. Bd1 Bc8 48. Ke2 Ba6+ 49. Ke1 e3 50. Bc2 Bc8 51. Ke2 Bg4+ 52. Ke1 Kc4 53.
Bd1 Bc8 54. Ke2 Kd4 55. Bc2 Ba6+ 56. Ke1 Kc4 57. Ke2 Kd4+ 58. Ke1 Bc8 59. Ke2
Bg4+ 60. Ke1 a5 1/2-1/2

[Event "BIH-ch-T"]
[Site "Sarajevo"]
[Date "2013.06.18"]
[Round "4.2"]
[White "Erdos, Viktor"]
[Black "Indjic, Aleksandar"]
[Result "1-0"]
[WhiteElo "2645"]
[BlackElo "2536"]
[PlyCount "91"]
[EventDate "2013.06.15"]

1. d4 Nf6 2. c4 c5 3. d5 e6 4. Nc3 exd5 5. cxd5 d6 6. Nf3 g6 7. Nd2 Bg7 8. e4
O-O 9. Be2 Re8 10. O-O Nbd7 11. a4 Ne5 12. Ndb1 h6 13. f4 Ned7 14. Bf3 c4 15.
Be3 b6 16. Na3 Ba6 17. Bd4 Nc5 18. e5 Nfd7 19. e6 Nf6 20. Bxc5 bxc5 21. exf7+
Kxf7 22. Ncb5 Bxb5 23. axb5 Ne4 24. Qc2 Bd4+ 25. Kh1 Nf6 26. Nxc4 Qe7 27. g3
Rab8 28. Ra6 Rbd8 29. Na5 Rd7 30. Nc6 Qf8 31. Qd2 Be3 32. Qa5 c4 33. Qc3 Bb6
34. Qxc4 Re3 35. Ra3 Qe8 36. Qc1 Re2 37. Rd3 Kg7 38. Bxe2 Qxe2 39. Qd1 Qxb2 40.
Rb3 Qa2 41. Re1 h5 42. Re2 Qa4 43. Qd3 Bc5 44. Ne7 Rxe7 45. Rxe7+ Kf8 46. Re2
1-0

[Event "BIH-ch-T"]
[Site "Sarajevo"]
[Date "2013.06.18"]
[Round "4.2"]
[White "Predojevic, Borki"]
[Black "Burovic, Ismet"]
[Result "1-0"]
[WhiteElo "2616"]
[BlackElo "2351"]
[PlyCount "73"]
[EventDate "2013.06.15"]

1. e4 c6 2. d4 d5 3. e5 Bf5 4. h4 h6 5. g4 Bd7 6. Nc3 h5 7. gxh5 Nh6 8. Bg5 Qb6
9. Qd2 Qxb2 10. Rb1 Qa3 11. Rxb7 Qa5 12. Nge2 Bc8 13. Rb3 e6 14. Bh3 Nd7 15.
O-O Qc7 16. Ng3 Nb6 17. f4 Nf5 18. Nxf5 exf5 19. Ne2 Nc4 20. Qd3 a5 21. Ng3 a4
22. Rc3 Bb4 23. Rxc4 dxc4 24. Qxc4 c5 25. Nxf5 Ba6 26. Qd5 O-O 27. Ne7+ Kh8 28.
h6 Bb7 29. hxg7+ Kxg7 30. Bf6+ Kh6 31. Nf5+ Kh7 32. Qd6 Qc8 33. Kh2 cxd4 34.
Qxd4 Qxc2+ 35. Rf2 Qb1 36. Ng3 Bc8 37. Bg2 1-0

[Event "BIH-ch-T"]
[Site "Sarajevo"]
[Date "2013.06.18"]
[Round "4.2"]
[White "Saric, Ibro"]
[Black "Hadzovic, Amir"]
[Result "1-0"]
[WhiteElo "2572"]
[BlackElo "2212"]
[PlyCount "53"]
[EventDate "2013.06.15"]

1. c4 Nf6 2. g3 d6 3. Bg2 c6 4. e4 e5 5. Nc3 Be6 6. d3 g6 7. Nge2 Bg7 8. O-O
Nfd7 9. Be3 O-O 10. Qd2 a6 11. f4 f5 12. exf5 Bxf5 13. d4 Nb6 14. b3 exf4 15.
Nxf4 N8d7 16. d5 Ne5 17. h3 Re8 18. dxc6 bxc6 19. Bd4 Rb8 20. g4 c5 21. Bf2 Qg5
22. Bg3 Nd3 23. Kh2 Bd4 24. gxf5 Re3 25. Ne4 Qh6 26. Nxd3 g5 27. Rae1 1-0

[Event "BIH-ch-T"]
[Site "Sarajevo"]
[Date "2013.06.18"]
[Round "4.3"]
[White "Kamberovic, Senad"]
[Black "Savic, Miodrag R"]
[Result "0-1"]
[WhiteElo "2255"]
[BlackElo "2529"]
[PlyCount "136"]
[EventDate "2013.06.15"]

1. d4 Nf6 2. Nf3 b6 3. Bf4 Bb7 4. h3 g6 5. e3 Bg7 6. Be2 O-O 7. O-O d6 8. c4
Nbd7 9. Nc3 Ne4 10. Nxe4 Bxe4 11. Rc1 e5 12. Bh2 Qe7 13. Nd2 Bb7 14. Bf3 Bxf3
15. Nxf3 e4 16. Nd2 c5 17. Qc2 f5 18. dxc5 Nxc5 19. Rcd1 Nd3 20. Nb1 Rac8 21.
Nc3 Qe6 22. b3 d5 23. Nb5 dxc4 24. Nxa7 cxb3 25. Qxb3 Qxb3 26. axb3 Rc2 27. Nb5
Ra8 28. g4 Raa2 29. Bg3 Kf7 30. gxf5 gxf5 31. b4 Kg6 32. Nc7 Bh6 33. Nd5 b5 34.
Ra1 Bg7 35. Rxa2 Rxa2 36. Nc7 Bc3 37. Nxb5 Bxb4 38. Nd4 Bc3 39. Ne6 Ne1 40.
Nf4+ Kf7 41. Nd5 Ba5 42. Kh1 Bd2 43. Nf4 Kf6 44. Nd5+ Ke6 45. Nf4+ Kd7 46. Nh5
Ra6 47. Bf4 Nd3 48. Bg3 Ne1 49. Bf4 Rg6 50. Ng3 Ke6 51. Ne2 Kd5 52. Ng3 Rf6 53.
Nh5 Ra6 54. Ng7 Rf6 55. Nh5 Rf7 56. Rg1 Nd3 57. Bg3 Kc4 58. Rb1 Ra7 59. Kg1 Ra2
60. Rf1 Ra6 61. Rd1 Kc3 62. Kh2 Ra2 63. Nf4 Ne1 64. Rb1 Nf3+ 65. Kg2 Bxe3 66.
Nd5+ Kc2 67. Nb4+ Kxb1 68. Nxa2 Bd2 0-1

[Event "BIH-ch-T"]
[Site "Sarajevo"]
[Date "2013.06.18"]
[Round "4.3"]
[White "Tomic, Bosko"]
[Black "Konjicanin, Muris"]
[Result "1/2-1/2"]
[WhiteElo "2430"]
[BlackElo "2286"]
[PlyCount "75"]
[EventDate "2013.06.15"]

1. e4 e6 2. d4 d5 3. Nd2 dxe4 4. Nxe4 Nd7 5. Nf3 Ngf6 6. Nxf6+ Nxf6 7. Ne5 Be7
8. Be3 O-O 9. Bd3 c5 10. c3 cxd4 11. Bxd4 Qc7 12. O-O b6 13. Ng4 Nxg4 14. Qxg4
g6 15. Rfe1 Rd8 16. Re3 Bc5 17. Bxc5 bxc5 18. Bc4 Rb8 19. b3 Qe7 20. Rd1 Bb7
21. Red3 Rxd3 22. Rxd3 Rd8 23. Qd1 Rxd3 24. Bxd3 Qd6 25. Be2 Qe5 26. Qd2 Kg7
27. Bf1 Bd5 28. f4 Qf5 29. Qe3 a5 30. c4 Bb7 31. h3 h6 32. Qc3+ Qf6 33. Qxa5
Qd4+ 34. Kh1 Qa1 35. Kg1 Qd4+ 36. Kh1 Qa1 37. Kg1 Qd4+ 38. Kh1 1/2-1/2

[Event "BIH-ch-T"]
[Site "Sarajevo"]
[Date "2013.06.18"]
[Round "4.3"]
[White "Hodzic, Nihad"]
[Black "Djukic, Boris"]
[Result "0-1"]
[WhiteElo "2286"]
[BlackElo "2280"]
[PlyCount "82"]
[EventDate "2013.06.15"]

1. d4 Nf6 2. c4 g6 3. Nc3 Bg7 4. e4 O-O 5. Nf3 d6 6. h3 e5 7. d5 a5 8. Be3 Nbd7
9. g4 Nc5 10. Nd2 Ne8 11. g5 f6 12. gxf6 Bxf6 13. Rg1 Ng7 14. Bh6 Bh4 15. Nf3
Bxf2+ 16. Kxf2 Qh4+ 17. Ke2 Qxh6 18. Qd2 Rf4 19. Qe3 Bd7 20. Bg2 Raf8 21. Raf1
Nh5 22. Nh2 Qg7 23. Kd1 Rxf1+ 24. Bxf1 Rf4 25. Bg2 Qe7 26. Bf3 Ng7 27. Ne2 Rf8
28. Bg4 Be8 29. Ng3 Rf4 30. Bf3 c6 31. Ne2 Rf8 32. Nc3 Qh4 33. Ng4 h5 34. Nf2
Kh7 35. Ke2 Rf4 36. Nd3 Nxd3 37. Kxd3 Qxh3 38. Be2 Qxe3+ 39. Kxe3 c5 40. Bd1
Kh6 41. Ba4 g5 0-1

[Event "BIH-ch-T"]
[Site "Sarajevo"]
[Date "2013.06.18"]
[Round "4.3"]
[White "Bulajic, Ratko"]
[Black "Zlobec, Srdjan"]
[Result "1-0"]
[WhiteElo "2307"]
[BlackElo "2045"]
[PlyCount "107"]
[EventDate "2013.06.15"]

1. c4 Nf6 2. Nc3 g6 3. g3 Bg7 4. Bg2 O-O 5. d4 d6 6. Nf3 c5 7. d5 a6 8. a4 a5
9. O-O Na6 10. h3 e5 11. dxe6 Bxe6 12. Qb3 Nb4 13. Ng5 Bf5 14. e4 Bd7 15. Qd1
h6 16. Nf3 Be6 17. Qe2 Re8 18. Rd1 Qb6 19. Bf4 Rad8 20. g4 g5 21. Bg3 Rd7 22.
Rd2 Red8 23. Rad1 Ne8 24. Nb5 Bf8 25. Nh2 Nc6 26. f4 Nd4 27. Qd3 gxf4 28. Bxf4
Bg7 29. b3 Nc7 30. Nxd4 cxd4 31. Nf3 Na6 32. Nxd4 Nc5 33. Qe3 Kh7 34. Nb5 Qa6
35. Bxd6 b6 36. e5 Kg8 37. Bc6 Qc8 38. Bxd7 Rxd7 39. Bxc5 bxc5 40. Rxd7 Bxd7
41. Qd3 Bxg4 42. Qd8+ Kh7 43. Qxc8 Bxc8 44. Rd5 Bxh3 45. Rxc5 Bg4 46. Nd6 Bf8
47. Rxa5 f6 48. Ne8 Bd1 49. Nxf6+ Kg6 50. Nd5 Bxb3 51. e6 Bd6 52. e7 Kf7 53.
Ra8 Bxe7 54. Ra7 1-0

[Event "BIH-ch-T"]
[Site "Sarajevo"]
[Date "2013.06.18"]
[Round "4.3"]
[White "Sekulic, Vlatko"]
[Black "Alihodzic, Muzafer"]
[Result "1-0"]
[WhiteElo "2295"]
[BlackElo "2074"]
[PlyCount "43"]
[EventDate "2013.06.15"]

1. e4 c6 2. d4 d5 3. e5 Bf5 4. Nf3 e6 5. Be2 a6 6. O-O h6 7. Nbd2 Ne7 8. Nb3
Nd7 9. Bd2 g5 10. Ne1 c5 11. dxc5 Nc6 12. Bd3 Bxd3 13. Nxd3 Ndxe5 14. Nxe5 Nxe5
15. Bc3 Bg7 16. Re1 Qc7 17. f4 f6 18. fxe5 fxe5 19. Qh5+ Ke7 20. Rf1 Bf6 21.
Rxf6 Kxf6 22. Rf1+ 1-0

[Event "BIH-ch-T"]
[Site "Sarajevo"]
[Date "2013.06.18"]
[Round "4.4"]
[White "Bogosavljevic, Boban"]
[Black "Sedlak, Nikola"]
[Result "1/2-1/2"]
[WhiteElo "2548"]
[BlackElo "2571"]
[PlyCount "62"]
[EventDate "2013.06.15"]

1. Nf3 Nf6 2. g3 g6 3. Bg2 Bg7 4. O-O O-O 5. c4 d5 6. cxd5 Nxd5 7. d4 Nb6 8.
Nc3 Nc6 9. Bf4 Nxd4 10. Nxd4 e5 11. Nc6 Qxd1 12. Rfxd1 exf4 13. Ne7+ Kh8 14.
Nxc8 Raxc8 15. Bxb7 Rb8 16. Ba6 fxg3 17. hxg3 Bxc3 18. bxc3 Rfd8 19. Rab1 Kg7
20. Kg2 f5 21. a4 Nxa4 22. Rxb8 Rxd1 23. Rb7 Rd7 24. Bb5 Nc5 25. Rxa7 Re7 26.
Bc6 Kf6 27. Ra5 Ne4 28. Bxe4 Rxe4 29. Rc5 Rxe2 30. Rxc7 Rc2 31. Rxh7 Rxc3
1/2-1/2

[Event "BIH-ch-T"]
[Site "Sarajevo"]
[Date "2013.06.18"]
[Round "4.4"]
[White "Dumpor, Atif"]
[Black "Jakovljevic, Vlado"]
[Result "1/2-1/2"]
[WhiteElo "2357"]
[BlackElo "2440"]
[PlyCount "141"]
[EventDate "2013.06.15"]

1. d4 d5 2. Nf3 Nf6 3. c4 c6 4. Qc2 dxc4 5. Qxc4 Bf5 6. Nc3 e6 7. g3 Nbd7 8.
Bg2 Be7 9. O-O O-O 10. a4 a5 11. Nh4 Bg4 12. h3 Bh5 13. Rd1 Nd5 14. Nf3 Bg6 15.
Ne1 N7f6 16. Bg5 Rc8 17. Qb3 Nb4 18. e4 h6 19. Be3 Qc7 20. Rac1 Qb8 21. Nd3
Nxd3 22. Rxd3 Bb4 23. Bf4 Qa7 24. Re1 Rfd8 25. Qc4 Rd7 26. Be5 Ne8 27. Red1
Rcd8 28. R3d2 Nd6 29. Qe2 Ne8 30. Qc4 Bd6 31. Bxd6 Rxd6 32. d5 Qb6 33. Qe2 e5
34. Kh2 f6 35. Bf3 Bf7 36. Bg4 Qc7 37. h4 Qe7 38. Kg2 Nc7 39. dxc6 bxc6 40. Qe3
Rxd2 41. Rxd2 Rxd2 42. Qxd2 Na6 43. Nd1 Qc7 44. Bf5 Bb3 45. Ne3 Bxa4 46. Qe2
Bb5 47. Qh5 Qf7 48. Qg4 Nc5 49. Bg6 Qd7 50. Bf5 Qf7 51. Bg6 Qd7 52. Nf5 Kf8 53.
Qf3 Bd3 54. Nxh6 Qd4 55. Kg1 Bxe4 56. Bxe4 Qxe4 57. Qa3 Qe1+ 58. Kg2 Qb4 59.
Nf5 Qxa3 60. bxa3 Ne4 61. h5 a4 62. g4 Nc3 63. Nd6 Nb5 64. Nc4 Ke7 65. f4 exf4
66. Kf3 Ke6 67. Kxf4 Nc7 68. Ke4 Nb5 69. Kf4 Nc7 70. Ke4 Nb5 71. Kf4 1/2-1/2

[Event "BIH-ch-T"]
[Site "Sarajevo"]
[Date "2013.06.18"]
[Round "4.4"]
[White "Goric, Esad"]
[Black "Bilic, Vladimir"]
[Result "1/2-1/2"]
[WhiteElo "2321"]
[BlackElo "2290"]
[PlyCount "210"]
[EventDate "2013.06.15"]

1. g3 d5 2. Bg2 c6 3. c4 Nf6 4. Qc2 g6 5. Nf3 Bg7 6. O-O O-O 7. d3 Na6 8. a3
dxc4 9. Qxc4 Be6 10. Qc2 Qa5 11. Ng5 Bd7 12. Bd2 Qc7 13. Nc3 c5 14. Rac1 Rac8
15. Bf4 e5 16. Bd2 Bc6 17. Nge4 Qd7 18. Nxf6+ Bxf6 19. Bxc6 Rxc6 20. Qa4 Bg7
21. Ne4 Rd8 22. b4 cxb4 23. Rxc6 Qxc6 24. Qxc6 bxc6 25. axb4 Bf8 26. Ra1 Nxb4
27. Rxa7 Nd5 28. Ng5 Ne7 29. Bc3 h6 30. Ne4 f5 31. Nf6+ Kf7 32. Nd7 e4 33. dxe4
fxe4 34. Nxf8 Rxf8 35. Bb4 Re8 36. Rc7 Ke6 37. Bxe7 Rxe7 38. Rxc6+ Kf5 39. Kg2
h5 40. h4 Ra7 41. Rc8 Ra2 42. Rf8+ Ke6 43. e3 Ra1 44. Rf4 Ke5 45. g4 hxg4 46.
Rxg4 Kf5 47. Rg5+ Kf6 48. Rb5 Re1 49. Kg3 Re2 50. Rb8 Kf5 51. Rf8+ Ke5 52. Kg4
Re1 53. Re8+ Kd5 54. Kf4 Rh1 55. Kg3 Rg1+ 56. Kh2 Rg4 57. Kh3 Rg1 58. Rf8 Ke5
59. Rf4 Rh1+ 60. Kg2 Ra1 61. h5 gxh5 62. Rh4 Ra8 63. Rxh5+ Ke6 64. Rg5 Rf8 65.
Rg4 Ke5 66. Kf1 Rf7 67. Rg5+ Ke6 68. Ra5 Rf8 69. Ke2 Rf7 70. Ra8 Ke5 71. Rh8
Rf6 72. Rh3 Rf8 73. Kf1 Rf7 74. Rg3 Rf8 75. Ke2 Rf7 76. Rg5+ Ke6 77. Ra5 Rf8
78. Rh5 Rf7 79. Rh2 Ke5 80. Kd2 Rc7 81. Rh8 Rf7 82. Re8+ Kd5 83. Ke1 Rf6 84.
Rc8 Rf7 85. Rc2 Rf8 86. Kd1 Rf7 87. Kc1 Rf8 88. Kd1 Rf7 89. Ke2 Rf8 90. Rc7 Ke5
91. Rh7 Kd5 92. Rh5+ Ke6 93. Ra5 Rf7 94. Kd2 Rxf2+ 95. Kc3 Rh2 96. Kd4 Rh4 97.
Re5+ Kd6 98. Re8 Rg4 99. Rh8 Ke6 100. Rh6+ Ke7 101. Ke5 Rg5+ 102. Kxe4 Ra5 103.
Rc6 Rh5 104. Ra6 Rb5 105. Kf4 Rh5 1/2-1/2

[Event "BIH-ch-T"]
[Site "Sarajevo"]
[Date "2013.06.18"]
[Round "4.4"]
[White "Batinic, Predrag"]
[Black "Stojanovic, Dobrisav"]
[Result "1/2-1/2"]
[WhiteElo "2312"]
[BlackElo "2361"]
[PlyCount "55"]
[EventDate "2013.06.15"]

1. Nf3 Nf6 2. g3 b6 3. Bg2 Bb7 4. c4 c5 5. Nc3 e6 6. O-O Be7 7. d4 cxd4 8. Qxd4
O-O 9. Rd1 d6 10. b3 Nbd7 11. Ba3 d5 12. Bxe7 Qxe7 13. cxd5 Nxd5 14. Nxd5 Bxd5
15. e4 Bc6 16. Rac1 Nc5 17. b4 Rfd8 18. Qc4 Rxd1+ 19. Rxd1 Ba4 20. Rd2 Nd7 21.
b5 Nc5 22. Ne5 Qe8 23. Bf1 Rd8 24. Rxd8 Qxd8 25. Nd3 Nxd3 26. Qxa4 Qd7 27. Bxd3
Qxd3 28. Qxa7 1/2-1/2

[Event "BIH-ch-T"]
[Site "Sarajevo"]
[Date "2013.06.18"]
[Round "4.4"]
[White "Narancic, Vlado"]
[Black "Stanisic, Vlajko"]
[Result "1-0"]
[WhiteElo "2329"]
[BlackElo "2009"]
[PlyCount "87"]
[EventDate "2013.06.15"]

1. Nf3 c5 2. g3 Nc6 3. Bg2 e5 4. d3 g6 5. c3 Bg7 6. O-O Nge7 7. e4 O-O 8. Na3
d6 9. Nc2 f5 10. b4 cxb4 11. Nxb4 Nxb4 12. cxb4 h6 13. Qb3+ Kh7 14. Bb2 Qb6 15.
exf5 Nxf5 16. a4 Re8 17. b5 Be6 18. Qb4 a5 19. Qd2 Rac8 20. Rfc1 Rxc1+ 21. Qxc1
Rc8 22. Qd2 Qd8 23. g4 Nh4 24. Nxh4 Qxh4 25. Bxb7 Qxg4+ 26. Kh1 d5 27. Bxc8
Qf3+ 28. Kg1 Bxc8 29. Qe3 Qh5 30. Rc1 d4 31. Qg3 Bb7 32. Re1 Qf5 33. Bc1 h5 34.
h3 Bf6 35. Bd2 g5 36. Rc1 Kg6 37. Rc6 g4 38. hxg4 hxg4 39. Bxa5 e4 40. Bd2 e3
41. fxe3 dxe3 42. Qxe3 Bxc6 43. bxc6 Qd5 44. Qe4+ 1-0

[Event "BIH-ch-T"]
[Site "Sarajevo"]
[Date "2013.06.18"]
[Round "4.5"]
[White "Brkic, Ante"]
[Black "Kosic, Dragan"]
[Result "1/2-1/2"]
[WhiteElo "2584"]
[BlackElo "2501"]
[PlyCount "36"]
[EventDate "2013.06.15"]

1. e4 e6 2. d4 d5 3. Nc3 Nf6 4. e5 Nfd7 5. f4 c5 6. Nf3 Nc6 7. Be3 Be7 8. Qd2
O-O 9. dxc5 Bxc5 10. O-O-O Qa5 11. Bxc5 Nxc5 12. Kb1 Bd7 13. Qe3 Qb6 14. Nd4
Nxd4 15. Rxd4 Rac8 16. Be2 Na4 17. Nxa4 Bxa4 18. c3 Bb5 1/2-1/2

[Event "BIH-ch-T"]
[Site "Sarajevo"]
[Date "2013.06.18"]
[Round "4.5"]
[White "Bejtovic, Jasmin"]
[Black "Dizdarevic, Emir"]
[Result "1/2-1/2"]
[WhiteElo "2397"]
[BlackElo "2515"]
[PlyCount "31"]
[EventDate "2013.06.15"]

1. c4 b6 2. Nc3 Bb7 3. e4 e5 4. Nf3 Nc6 5. g3 Bc5 6. Bg2 d6 7. O-O Nge7 8. d3
O-O 9. Be3 Bxe3 10. fxe3 Ng6 11. Qe2 Nb8 12. h4 h6 13. h5 Ne7 14. Nh4 Nd7 15.
Nd5 Nc5 16. Nf5 1/2-1/2